Miombo woodlands and rural livelihoods in Malawi (Record no. 1443)

MARC details
000 -LEADER
fixed length control field 00590nam a22002057a 4500
005 - DATE AND TIME OF LATEST TRANSACTION
control field 20241126140242.0
008 - FIXED-LENGTH DATA ELEMENTS--GENERAL INFORMATION
fixed length control field 241126b |||||||| |||| 00| 0 eng d
020 ## - INTERNATIONAL STANDARD BOOK NUMBER
International Standard Book Number 9792446729
040 ## - CATALOGING SOURCE
Original cataloging agency KMU
Transcribing agency KMU
Modifying agency KMU
Description conventions rda
050 ## - LIBRARY OF CONGRESS CALL NUMBER
Classification number SD 242.M27
100 ## - MAIN ENTRY--PERSONAL NAME
Personal name Lowore Janet
245 ## - TITLE STATEMENT
Title Miombo woodlands and rural livelihoods in Malawi
Remainder of title /
Statement of responsibility, etc. Janet Lowore
260 ## - PUBLICATION, DISTRIBUTION, ETC.
Place of publication, distribution, etc. Indonesia:
Name of publisher, distributor, etc. Centre for International Forestry Research,
Date of publication, distribution, etc. 2006.
300 ## - PHYSICAL DESCRIPTION
Extent 18 p.:
Other physical details ill.;
Dimensions 17cm
500 ## - GENERAL NOTE
General note Include references
650 ## - SUBJECT ADDED ENTRY--TOPICAL TERM
Topical term or geographic name entry element Woodlands
650 ## - SUBJECT ADDED ENTRY--TOPICAL TERM
Topical term or geographic name entry element Livelihoods
650 ## - SUBJECT ADDED ENTRY--TOPICAL TERM
Topical term or geographic name entry element Malawi
942 ## - ADDED ENTRY ELEMENTS (KOHA)
Source of classification or shelving scheme Library of Congress Classification
Koha item type Non-Fiction
Suppress in OPAC No
Holdings
Withdrawn status Lost status Source of classification or shelving scheme Damaged status Not for loan Collection Home library Current library Shelving location Date acquired Total Checkouts Full call number Barcode Date last seen Price effective from Koha item type
    Library of Congress Classification     Non-fiction Kapasa Makasa University Kapasa Makasa University Open Access 26.11.2024   SD 242.M27 Low 742394 26.11.2024 26.11.2024 Non-Fiction
    Library of Congress Classification     Non-fiction Kapasa Makasa University Kapasa Makasa University Open Access 26.11.2024   SD 242.M27 Low 742392 26.11.2024 26.11.2024 Non-Fiction
    Library of Congress Classification     Non-fiction Kapasa Makasa University Kapasa Makasa University Open Access 26.11.2024   SD 242.M27 Low 742395 26.11.2024 26.11.2024 Non-Fiction
    Library of Congress Classification     Non-fiction Kapasa Makasa University Kapasa Makasa University Open Access 26.11.2024   SD 242.M27 Low 742393 26.11.2024 26.11.2024 Non-Fiction
    Library of Congress Classification     Non-fiction Kapasa Makasa University Kapasa Makasa University Open Access 26.11.2024   SD 242.M27 Low 742391 26.11.2024 26.11.2024 Non-Fiction